Hozzászólás a szolgálati jogviszonyból származó követelések „elévülése" kérdéséhez

Elmentve itt :
Bibliográfiai részletek
Szerző: Bernhard László
Dokumentumtípus: Cikk
Megjelent: 1937
Sorozat:Polgári jog : a hazai és külföldi magánjog és hiteljog szemléje 13
Kulcsszavak:Munkajog - követelések elévülése
Online Access:http://misc.bibl.u-szeged.hu/6454
LEADER 00695nab a2200169 i 4500
001 misc6454
005 20191106142116.0
008 170607s1937 hu o 0|| hun d
040 |a SZTE Miscellanea Repozitórium  |b hun 
041 |a hun 
100 1 |a Bernhard László 
245 1 0 |a Hozzászólás a szolgálati jogviszonyból származó követelések „elévülése" kérdéséhez  |h [elektronikus dokumentum] /  |c  Bernhard László 
260 |c 1937 
300 |a 532-536a 
490 0 |a Polgári jog : a hazai és külföldi magánjog és hiteljog szemléje  |v 13 
695 |a Munkajog - követelések elévülése 
856 4 0 |u http://misc.bibl.u-szeged.hu/6454/1/polgari_jog_1937_532-536a.pdf  |z Dokumentum-elérés